00501nam a2200181Ia 4500001001000000003000500010008004100015010001100056020001300067040000900080082001700089100002100106245008900127260004300216300001100259650002400270650002500294Para_6380CHAP220125s1916 xx 000 0 und d a205092 a(M/BAJA) cCHAP aPA 595.76 B5 aBlatchley, W. S. aRhynchophora or weevils of North Eastern América /c W. S. Blatchley y C. W. Leng aIndianapolis :b The Nature Publishing a262 p. aColeopteros x EUA  aEUA x Coleópteros